Normal view
MARC view
- اعداد القضاة، احمد حسن احمد؛ اشراف عبد الرحمن عدس
Entry Personal Name
001 - CONTROL NUMBER
- control field: 57641
003 - CONTROL NUMBER IDENTIFIER
- control field: JO-AjAnu
005 - DATE AND TIME OF LATEST TRANSACTION
- control field: 20230606083434.0
008 - FIXED-LENGTH DATA ELEMENTS
- fixed length control field: 230606|| aca||aabn | a|a d
040 ## - CATALOGING SOURCE
- Original cataloging agency: JO-AjAnu
- Transcribing agency: JO-AjAnu
100 ## - HEADING--PERSONAL NAME
- Personal name: اعداد القضاة، احمد حسن احمد؛ اشراف عبد الرحمن عدس
670 ## - SOURCE DATA FOUND
- Source citation: Work cat.: (JO-AjAnu)29411: اعداد القضاة، احمد حسن احمد؛ اشراف عبد الرحمن عدس, author, مقارنة اربع استراتيجيات في تحديد الواجب البيتي في مادة الرياضيات لصفوف المرحلة الاساسية في المدارس الاردنية